| 000 | 00626nam a2200205 a 4500 | ||
|---|---|---|---|
| 005 | 20251018063902.0 | ||
| 008 | 100203s2003 es r 000 0 spa d | ||
| 020 | _a8497350987 | ||
| 035 | _aUPN01000174428 | ||
| 049 | _aCG | ||
| 050 | 4 |
_aHN25 _bZ4.2 |
|
| 100 | 1 | _aZelinski, Ernie J. | |
| 245 | 1 | 3 |
_aEl arte de mejorar nuestra calidad de vida : _blas claves de la vida fácil / _cErnie J. Zelinski ; tr. Carlos Ganzinelli. |
| 260 |
_aBarcelona, Esp. : _bAmat, _c2003. |
||
| 300 | _a137 p. | ||
| 650 | 4 |
_aCalidad de vida _94703 |
|
| 650 | 7 |
_aAptitud creadora _2 _91354 |
|
| 650 | 4 |
_aConducta de vida _94416 |
|
| 905 | _aLibro | ||
| 999 |
_c146532 _d146532 |
||